<?xml version="1.0" encoding="UTF-8"?>
<record
    xmlns:xsi="http://www.w3.org/2001/XMLSchema-instance"
    xsi:schemaLocation="http://www.loc.gov/MARC21/slim http://www.loc.gov/standards/marcxml/schema/MARC21slim.xsd"
    xmlns="http://www.loc.gov/MARC21/slim">

  <leader>01391nam a2200313 i 4500</leader>
  <controlfield tag="003">DO-SdBNP</controlfield>
  <controlfield tag="005">20240626141616.0</controlfield>
  <controlfield tag="006">a||||gr|||| 00| 0 </controlfield>
  <controlfield tag="007">ta</controlfield>
  <controlfield tag="008">240626e1994    sp aoc|| |||| 00| 0 spa d</controlfield>
  <datafield tag="020" ind1=" " ind2=" ">
    <subfield code="a">8488602030</subfield>
  </datafield>
  <datafield tag="040" ind1=" " ind2=" ">
    <subfield code="a">DO-SdBNP</subfield>
    <subfield code="b">spa</subfield>
    <subfield code="c">BNPHU</subfield>
    <subfield code="e">rda</subfield>
  </datafield>
  <datafield tag="082" ind1=" " ind2="4">
    <subfield code="2">22</subfield>
    <subfield code="b">G326p</subfield>
  </datafield>
  <datafield tag="245" ind1="0" ind2="0">
    <subfield code="a">Los g&#xE9;neros de la pintura :</subfield>
    <subfield code="b">una visi&#xF3;n actual /</subfield>
    <subfield code="c">Presentaci&#xF3;n, Fernando Perera Mezquida</subfield>
  </datafield>
  <datafield tag="264" ind1=" " ind2=" ">
    <subfield code="a">Madrid, Espa&#xF1;a :</subfield>
    <subfield code="b">Ministerio de Cultura,</subfield>
    <subfield code="b">Centro Atl&#xE1;ntico de Arte Moderno,</subfield>
    <subfield code="c">1994</subfield>
  </datafield>
  <datafield tag="300" ind1=" " ind2=" ">
    <subfield code="a">205 p&#xE1;ginas :</subfield>
    <subfield code="b">ilustraciones, fotograf&#xED;as, retratos ;</subfield>
    <subfield code="c">28 cm.</subfield>
  </datafield>
  <datafield tag="336" ind1=" " ind2=" ">
    <subfield code="2">rdacontent</subfield>
    <subfield code="a">texto</subfield>
    <subfield code="b">txt</subfield>
  </datafield>
  <datafield tag="337" ind1=" " ind2=" ">
    <subfield code="2">rdamedia</subfield>
    <subfield code="a">sin mediaci&#xF3;n</subfield>
    <subfield code="b">n</subfield>
  </datafield>
  <datafield tag="338" ind1=" " ind2=" ">
    <subfield code="2">rdacarrier</subfield>
    <subfield code="a">volumen</subfield>
    <subfield code="b">nc</subfield>
  </datafield>
  <datafield tag="500" ind1=" " ind2=" ">
    <subfield code="a">Incluye biograf&#xED;as, p&#xE1;ginas 193 - 206.</subfield>
  </datafield>
  <datafield tag="500" ind1=" " ind2=" ">
    <subfield code="a">Incluye pie de fotos</subfield>
  </datafield>
  <datafield tag="505" ind1=" " ind2=" ">
    <subfield code="a">El &#xFA;ltimo cuadro /</subfield>
    <subfield code="r">Rosa Olivares--</subfield>
    <subfield code="t">Retratos, Alegor&#xED;a, Espejos /</subfield>
    <subfield code="r">Juan Antonio Ram&#xED;rez.--</subfield>
    <subfield code="t">C&#xE1;maras maravillosas y naturalezas inm&#xF3;viles /</subfield>
    <subfield code="r">Estrella de Diego.--</subfield>
    <subfield code="t">Naturalezas artificiales: El paisaje fotogr&#xE1;fiado /</subfield>
    <subfield code="r">Santiago B. Olmo.--</subfield>
    <subfield code="t">Textos en ingl&#xE9;s.--</subfield>
    <subfield code="t">Biograf&#xED;as.</subfield>
  </datafield>
  <datafield tag="546" ind1=" " ind2=" ">
    <subfield code="a">Obra en dos idiomas espa&#xF1;ol e ingl&#xE9;s.</subfield>
  </datafield>
  <datafield tag="590" ind1=" " ind2=" ">
    <subfield code="a">Inventariado 2024 / MF</subfield>
  </datafield>
  <datafield tag="650" ind1=" " ind2="4">
    <subfield code="a">Pintores espa&#xF1;oles</subfield>
    <subfield code="x">Cat&#xE1;logo</subfield>
    <subfield code="9">69497</subfield>
  </datafield>
  <datafield tag="650" ind1=" " ind2="4">
    <subfield code="a">Pintura Espa&#xF1;ola</subfield>
    <subfield code="9">8801</subfield>
    <subfield code="y">exposici&#xF3;n</subfield>
  </datafield>
  <datafield tag="700" ind1="1" ind2="2">
    <subfield code="a">Perera Mezquida, Fernando,</subfield>
    <subfield code="e">presentaci&#xF3;n</subfield>
    <subfield code="9">85845</subfield>
  </datafield>
  <datafield tag="942" ind1=" " ind2=" ">
    <subfield code="2">ddc</subfield>
    <subfield code="c">LBS1</subfield>
  </datafield>
  <datafield tag="952" ind1=" " ind2=" ">
    <subfield code="0">0</subfield>
    <subfield code="1">0</subfield>
    <subfield code="2">ddc</subfield>
    <subfield code="5">6</subfield>
    <subfield code="7">0</subfield>
    <subfield code="8">GR</subfield>
    <subfield code="a">BNPHU</subfield>
    <subfield code="b">BNPHU</subfield>
    <subfield code="c">CT</subfield>
    <subfield code="d">2008-06-26</subfield>
    <subfield code="e">Donado por Pedro Altares</subfield>
    <subfield code="l">0</subfield>
    <subfield code="o">G326p</subfield>
    <subfield code="p">2024-3764</subfield>
    <subfield code="r">2024-06-26</subfield>
    <subfield code="w">2024-06-26</subfield>
    <subfield code="y">LBS1</subfield>
  </datafield>
  <datafield tag="952" ind1=" " ind2=" ">
    <subfield code="0">0</subfield>
    <subfield code="1">0</subfield>
    <subfield code="2">ddc</subfield>
    <subfield code="5">6</subfield>
    <subfield code="7">0</subfield>
    <subfield code="8">GR</subfield>
    <subfield code="a">BNPHU</subfield>
    <subfield code="b">BNPHU</subfield>
    <subfield code="c">CT</subfield>
    <subfield code="d">2008-06-26</subfield>
    <subfield code="e">Donado por Pedro Altares</subfield>
    <subfield code="l">0</subfield>
    <subfield code="o">G326p</subfield>
    <subfield code="p">2024-3765</subfield>
    <subfield code="r">2024-06-26</subfield>
    <subfield code="t">e.2</subfield>
    <subfield code="w">2024-06-26</subfield>
    <subfield code="y">LBS1</subfield>
  </datafield>
  <datafield tag="999" ind1=" " ind2=" ">
    <subfield code="c">57019</subfield>
    <subfield code="d">57019</subfield>
  </datafield>
</record>
